000
00307nam a2200097Ia 4500
001
775586
005
20250826165832.0
008
250824s9999 xx 000 0 und d
245
0
_a
ATATÜRKÜN EĞİTİM İLE İLGİLİ DÜŞÜNCELERİ
_c
AHMET BEKİR PALAZOĞLU
260
_b
MİLLİ EĞİTİM BAKANLIĞI YAYINLARI
999
_c
775586
_d
775586